00678cam a22002411 4500001001300000003000400013005001700017008004100034010001700075035002000092040001800112042001200130043002100142050001900163100003700182245007300219260002000292300001800312500001500330651003700345651003700382999001700419ne 64000644 DLC20260227111756.0890619s1961 xx 000 0 arar  ane 64000644  a(OCoLC)23484390 aDLCcMiUdDLC apremarc aa-sy---af-ua---00aDT82.5.S9bN351 aNasser, Gamal Abdel,d1918-1970.10aBayānāt al-Raʼīs Jamāl ʻAbd al-Nāṣir ʻan al-tamarrud. a[n. p.]c[1961] a54 p.c20 cm. aRomanized. 0aEgyptxForeign relationszSyria. 0aSyriaxForeign relationszEgypt. c46789d46789